000 00344nam a22001457a 4500
003 SGT
082 _a510 PUN
100 _aPUNDIR, SUDHIR K
245 _aNUMERICAL ANALYSIS AND PROGRAMMING IN C
250 _a2ND
260 _aMEERUT
_bPRAGATI PRAKASHAN
_c2014
300 _a700
650 _aMATHEMATICS, COMPUTER SCIENCE
942 _2ddc
_cFPS
999 _c10053
_d10053